000 00484nam a2200169Ia 4500
003 OSt
005 20200117114009.0
008 190216s9999||||xx |||||||||||||| ||und||
020 _a8125907734
040 _coclc
082 _a658.8
_bRAJ/M
100 _aRajagopal
_91245
245 0 _aMarketing Management Text And Cases /
_cRajagopal
260 _bVikas Publishing House,
_c2000.
_aNew Delhi:
300 _a303p
942 _cBK
_2ddc
_h658.8
_iRAJ/M
_k658.8
_mRAJ/M
999 _c6003
_d6003